Model assisted survey sampling

Enregistré dans:
Détails bibliographiques
Auteur principal: Särndal, Carl-Erik
Autres auteurs: Swensson, Bengt, Wretman, Jan
Format: Livre
Langue:anglais
Publié: New York Springer 2003
Collection:Springer series in statistics
Sujets:
Tags: Ajouter un tag
Pas de tags, Soyez le premier à ajouter un tag!

MARC

LEADER 00000nam$a2200000$$$4500
001 0010990
005 20240306135305.9
020 |a 0-387-40620-4 
041 0 |a eng 
044 |a US 
245 1 0 |a Model assisted survey sampling  |c Carl-Erik Särndal, Bengt Swensson, Jan Wretman 
264 1 |a New York  |b Springer  |c 2003 
300 |a 694 s. 
490 1 |a Springer series in statistics 
830 0 |a Springer series in statistics 
610 2 0 |a štatistika matematická 
610 2 0 |a modelovanie 
610 2 0 |a modelovanie matematické 
100 1 |a Särndal, Carl-Erik 
700 1 |a Swensson, Bengt 
700 1 |a Wretman, Jan